| 000 | 00602nam a2200241Ia 4500 | ||
|---|---|---|---|
| 003 | 0100 | ||
| 008 | 130307s9999 xx 000 0 und d | ||
| 020 | _a0534551335 | ||
| 040 | _cARRUPELIB | ||
| 050 | _aBC175.D35 2001 | ||
| 100 | _aDamer, T. Edward | ||
| 245 | _aAttacking faulty reasoning | ||
| 245 | _ba practical guide to fallacy-free arguments | ||
| 250 | _a4th ed. | ||
| 260 | _aBelmont | ||
| 260 | _bWadsworth/Thomson Learning | ||
| 260 | _cc2001. | ||
| 300 | _axiv | ||
| 300 | _b209 p. 23 cm. | ||
| 650 | _aLOGIC | ||
| 650 | _bChristian ethics- Catholic authors | ||
| 942 | 0 | 0 | _03 |
| 999 |
_c95914 _d95914 |
||